000 00673nam a22002177a 4500
003 UA-OsUOA
001 88257
007 ta
008 20121003b un ||||| |||| 00| 0 ukr d
090 _a82.09
_bС47
942 _cBK
040 _aUA-OsUOA
_brus
_cUA-OsUOA
_dUA-OsUOA
245 _aСлавянские литературы
_b6 международный съезд славистов (Прага, август 1968)
_cРед. Робинсон А. Н.
300 _a517 с.
955 _a1
041 _arus
080 _a82.09
260 _aМ.
_bНаука
_c1968
650 7 _a82 Література. Літературознавство
_2UDC
999 _c374755
_d374755